000 00811cam a2200265 a 4500
008
020 _a0750647108 (pbk.)
049 _aMAIN
090 _aHD30.2
_bAHM
100 1 _aAhmed, Pervaiz K.
245 1 0 _aLearning through knowledge management /
_cPervaiz K. Ahmed, K.K. Lim and Ann Y.E. Loh.
260 _aOxford :
_bButterworth-Heinemann,
_c2002.
300 _aviii, 324 p. :
_bill. ;
_c24 cm.
504 _aIncludes bibliographical references.
500 _aIncludes index.
650 0 _aKnowledge management.
650 0 _aKnowledge management
_vCase studies.
700 1 _aLim, K.K.
700 1 _aLoh, Ann Y.E.
907 _a.b10316474
_b23-05-13
_c07-08-12
003
005 20230123125440.0
040 _cNUST
942 _cBOOKS
_kHD30.2
_mAHM
999 _c141695
_d141695